00302nam a2200121Ia 4500008004100000082001800041100001700059245003500076250000900111260003500120300000900155650001600164191201s2008 xx 000 0 und d a621.3192bSIN aSINHA, Umesh 0aNetwork Analysis and Synthesis aRep. aN.DelhibSatya Prakashanc2008 a1047 aB.Tech(ECE)